Регионална библиотека "Любен Каравелов" - Русе

Възпалителни заболявания на белите дробове (Запис номер 101026)

MARC детайли
000 -Лидер
Контролно поле с фиксирана дължина 02082nam a2200337 c 4500
003 - Код на организацията, давaща контролен номер
Контролно поле BLK
005 - Дата и час на последна редакция
Контролно поле 20180420230049.0
008 - Елементи от данни с фиксирана дължина
fixed length control field 180409b bul|||||r ||||||| ||bul||
010 ## - Наследен системен номер
LC control number KNG00106067000
020 ## - Международен стандартен номер на книга ISBN
Международен стандартен номер на книга ISBN 954-420-237-4
-- издат.: Медицина и физкултура
040 ## - Източник на каталожния запис
Идентификатор на билиотеката - собственик на записа BLK
041 ## - Код за език
Код за езика на текст/звукозапис или на отделно заглавие Български
Код за езика КДБФ Български
080 ## - УДК
Текстов определител УДК Белодробни болести - Пневмония, бронхопневмония, белодроб. абсцес, плеврит, хемоторакс, пневмоторакс, хидроторакс, болести на диафрагмата..., ТОРС
УДК код - определител по УДК 616.24
УДК определител -002-08
УДК - код + определител 616.24-002-08
100 1# - Редна дума - Автор
Автор Боев, Стоян Младенов
Авторска отговорност първи автор
R(LIN) 308671
139 ## - Редно поле
Редна дума Възпалителни заболявания на белите дробове
Авторски знак Въз - В 91
245 10 - Сведения за заглавието
Заглавие Възпалителни заболявания на белите дробове
Редно поле (дума) Стоян Младенов Боев; под ред. на Петър Стефанов Добрев.
257 ## - Страна на издаване
Страна на създаване/издаване България
260 ## - Област на издателските данни
-- София
Име на издателя, разпространителя и проч. Медицина и физкултура
Година на издаване 2002
Печатница София : Мултипринт ЕООД
300 ## - Физическа характеристика
Страници 428 с.
Илюстрации и др. с ил., табл., сх.
Размери/Мащаб 25 см
380 ## - Жанр
Жанр Медицина
500 ## - Общи забележки
Забележка Авт. : Стоян Боев, Виолина Боева, Веселин Власов, Петър Добрев, Стефан Добрев, Асен Златев, Стоян Иванов, Явор Иванов, Галина Кирова, Владимир Максимов, Жени Милева, Милко Милчев, Пенка Николова, Александър Симитчиев, Донка Стефанова, Захари Тончев.
650 #4 - Допълнително описание по предмет – тема
Основно описание – тема или топоним Белодробни болести
9 (RLIN) 278800
653 ## - Ключова дума – ненормативна
Ключова дума бели дробове
653 ## - Ключова дума – ненормативна
Ключова дума белодробни болести
700 1# - Други автори (авторска отговорност)
Лично име Добрев, Петър Стефанов
Автороска отговорност (Описва отношението между автора и произведението) под ред. на
9 (RLIN) 249957
852 ## - Местоположение
Форматна сигнатура Цб 214791
856 4# - Електронен адрес и достъп
Електронен формат pdf - файл
Път до файла /url/
856 4# - Електронен адрес и достъп
Електронен формат pdf - файл
Път до файла /url/
942 ## - АРТИКУЛИ
Вид на библиотечния материал Книги
Скрит в OPAC Не
944 ## - СЪЗДАВАНЕ И РЕДАКЦИЯ на ЗАПИСА
Създаване/Редакция Създаване
Дата на регистрацията/редакция 01.01.2002
Служител, извършил регистрацията/редакцията Геновева_Генчева
944 ## - СЪЗДАВАНЕ И РЕДАКЦИЯ на ЗАПИСА
Създаване/Редакция Редакция
Дата на регистрацията/редакция 23.03.2006
Служител, извършил регистрацията/редакцията
999 ## - СИСТЕМНИ КОНТРОЛНИ НОМЕРА
Koha biblionumber 101026
Koha biblioitemnumber 101026
Наличности
Код за отписване Код за изгубен артикул Код за повреда Коз за рестрикции Код за отдаване Артикулен № Име на библиотеката - собственик Име на библиотеката, в която се намира в момента Статус (Текущо местоположение) Дата на вписване в системата Местоположение - отдел Цена в лева Инвентарен номер Систематично азбучна сигнатура Баркод Номер на екземпляра Цена в евро Служебна бележка Служебен тип на артикула
  Не е изгубен Не е повреден без рестрикции ползва се в читалня 162610 Регионална библиотека "Любен Каравелов" Русе Регионална библиотека "Любен Каравелов" Русе Читалня 2003-05-14 Читалня 22.00 120000676156 Ч 616.1/.4/В 91 120000676156 1 11.25 Дост: Pk Вид: Ф N: 15182 Дата: 13.05.2003 Дата инв: 20.03.2017 Бележки инв: Ч2017 Книги
  Не е изгубен Не е повреден без рестрикции ползва се в читалня 162611 Регионална библиотека "Любен Каравелов" Русе Регионална библиотека "Любен Каравелов" Русе Хранилище 2006-03-09 Хранилище 0.00 120000700641 Цб 214791 120000700641 2 0.00 Дост: Dp Вид: Д N: 9 Дата: 16.02.2005 Книги
Vip Innovations Ltd, Rousse, Bulgaria 2025